[Event "IsBank TCh-TUR"]
[Site "Konya TUR"]
[Date "2010.07.05"]
[Round "8"]
[White "Melia,S"]
[Black "Kinsiz,O"]
[Result "1/2-1/2"]
[WhiteElo "2466"]
[BlackElo "2219"]

1.e4 c5 2.Nf3 Nc6 3.Bb5 e6 4.Bxc6 bxc6 5.b3 d5 6.Nc3 Nf6 7.Qe2 Be7 8.O-O O-O
9.d3 Ba6 10.e5 Nd7 11.Na4 Re8 12.Bf4 Nb6 13.Nb2 Bc8 14.c4 a5 15.Qc2 Ra7 16.Rfe1 h6
17.Rac1 Bd7 18.Be3 Rc7 19.Na4 Nxa4 20.bxa4 Qa8 21.Nd2 Rb8 22.Nb3 d4 23.Bd2 Ra7
24.Re4 Be8 25.Qd1 Rbb7 26.Rg4 Kh8 27.Rg3 f5 28.exf6 Bxf6 29.Nxc5 Rb2 30.Ne4 Qd8
31.Qg4 Bf7 32.Qf3 Be5 33.Bf4 Bh5 34.Qxh5 Bxf4 35.Re1 Bxg3 36.hxg3 Rab7 37.Kh2 Rb1
38.Re2 Rd1 39.Nd2 Qg5 40.Qxg5 hxg5 41.Nb3 g4 42.Rxe6 Rf7 43.Re4 Rxf2 44.Rxg4 Rff1
45.Rh4+ Kg8 46.Kh3 Rh1+ 47.Kg4 Rxh4+ 48.gxh4 Rxd3 49.Nxa5 Rc3 50.Kf4 c5 51.Nb3 Rxc4
52.a5 Rc2 53.a6 Rxa2 54.Nxc5 Rxg2 55.Ke4 Kf7 56.Kxd4 Rg4+ 57.Kd5 Rxh4 58.a7 Rh8
59.Kc6 Ra8 60.Kb7 Rxa7+  1/2-1/2

[Event "IsBank TCh-TUR"]
[Site "Konya TUR"]
[Date "2010.07.05"]
[Round "9"]
[White "Yildiz,B"]
[Black "Nikolova,A"]
[Result "1/2-1/2"]
[WhiteElo "2229"]
[BlackElo "2318"]

1.e4 c5 2.Nf3 Nc6 3.Bb5 Nb8 4.Bf1 Nc6 5.Bb5 d6 6.O-O Bd7 7.Re1 Nf6 8.h3 a6
9.Bf1 e6 10.c3 Be7 11.d4 cxd4 12.cxd4 d5 13.e5 Ne4 14.Nc3 Nxc3 15.bxc3 Rc8
16.Nh2 O-O 17.Bd3 f5 18.exf6 Bxf6 19.Ng4 Bg5 20.Ne5 Nxe5 21.Rxe5 Bxc1 22.Rxc1 Qf6
23.Qe1 b5 24.Rb1 Rc7 25.Be2 Rfc8 26.Re3 Rc6 27.Bg4 Qe7 28.Rb3 Qd6 29.g3 Qe7
30.Kg2 Rf8 31.Re5 Qf7 32.Rb2 Rfc8 33.Rb3 Rf8 34.Rb2 Rfc8 35.Rb3 Rf8 36.Rb2  1/2-1/2

[Event "IsBank TCh-TUR"]
[Site "Konya TUR"]
[Date "2010.07.05"]
[Round "9"]
[White "Secer,A"]
[Black "Kinsiz,O"]
[Result "1-0"]
[WhiteElo "2325"]
[BlackElo "2219"]

1.e4 c5 2.Nf3 Nc6 3.Bb5 Nb8 4.Bf1 Nc6 5.Bb5 e6 6.O-O Nge7 7.Re1 a6 8.Bxc6 Nxc6
9.d4 cxd4 10.Nxd4 d6 11.Nc3 Be7 12.Nxc6 bxc6 13.e5 d5 14.Qg4 Kf8 15.Qh5 h6
16.Bd2 c5 17.Ne2 Rb8 18.b3 g6 19.Qh3 Kg7 20.Rad1 Qc7 21.Qg3 Bd7 22.Nf4 h5
23.Nh3 h4 24.Qg4 Rh5 25.Bg5 Qd8 26.Bxe7 Qxe7 27.Qe2 Bb5 28.c4 dxc4 29.bxc4 Bc6
30.Rd6 Rc8 31.Qe3 Ba8 32.f3 a5 33.Qd2 Rc7 34.Rd8 Bb7 35.Qd6 Rf5 36.Nf2 Rf4
37.Qd2 Rd4 38.Rxd4 cxd4 39.Ng4 g5 40.Nf6  1-0

[Event "Heart of Finland"]
[Site "Jyvaskyla FIN"]
[Date "2010.07.07"]
[Round "4"]
[White "Luukkonen,T"]
[Black "Kanep,M"]
[Result "0-1"]
[WhiteElo "2250"]
[BlackElo "2526"]

1.e4 c5 2.Nf3 Nc6 3.Bb5 g6 4.Bxc6 dxc6 5.d3 Bg7 6.Nc3 Bg4 7.h3 Bxf3 8.Qxf3 Nf6
9.O-O O-O 10.a3 a5 11.Be3 Nd7 12.Qg3 e5 13.f4 exf4 14.Bxf4 Re8 15.Bg5 Qb8
16.Qf2 Bd4 17.Be3 Bxe3 18.Qxe3 a4 19.Rf4 Qe5 20.Raf1 Re7 21.Kh1 b5 22.Nd1 f6
23.c3 Rae8 24.Qf2 Qd6 25.Ne3 Re6 26.Ng4 Qxd3 27.Rf3 Qxe4 28.Qd2 R8e7 29.Rd3 h5
30.Nh6+ Kh7 31.Nf5 gxf5 32.Rxd7 Rxd7 33.Qxd7+ Kg6 34.Qd8 Re8 35.Qd6 c4 36.Qg3+ Kh6
37.Qd6 Kg6 38.Qg3+ Kf7 39.Rd1 Re7 40.Qd6 h4 41.Rf1 Kg7 42.Qc5 Kg6 43.Qf2 Qd3
44.Qf4 Re5 45.Rf3 Re1+ 46.Kh2 Qe4  0-1

[Event "IsBank TCh-TUR"]
[Site "Konya TUR"]
[Date "2010.07.07"]
[Round "11"]
[White "Koc,O"]
[Black "Kinsiz,O"]
[Result "1/2-1/2"]
[WhiteElo "1851"]
[BlackElo "2219"]

1.e4 c5 2.Nf3 Nc6 3.Bb5 e6 4.c3 Nge7 5.d4 cxd4 6.cxd4 d5 7.e5 Bd7 8.Nc3 Nf5
9.h4 h5 10.Ba4 Qb6 11.O-O Ncxd4 12.Bxd7+ Kxd7 13.Be3 Nxf3+ 14.Qxf3 d4 15.Bxd4 Nxd4
16.Qxf7+ Be7 17.Rad1 Raf8 18.Qxg7 Rhg8 19.Qh7 Ke8 20.Qxh5+ Rf7 21.Rd3 Nf5
22.Ne4 Kf8 23.Ng5 Bxg5 24.hxg5 Re7 25.Rfd1 Kg7 26.g6 Rh8 27.Qg5 Rf8 28.g4 Qc5
29.Rd7 Kg8 30.b4 Rxd7 31.Rxd7 Qxb4 32.g7 Qe1+ 33.Kg2 Qe4+ 34.Kg1 Qe1+ 35.Kg2  1/2-1/2

[Event "38th TCh-GRE DivA"]
[Site "Peristeri GRE"]
[Date "2010.07.09"]
[Round "5"]
[White "Minas,I"]
[Black "Hrisanthopoulos,D"]
[Result "1-0"]
[WhiteElo "1836"]
[BlackElo "2095"]

1.e4 c5 2.Nf3 Nc6 3.Bb5 e6 4.Nc3 Nge7 5.O-O a6 6.Bxc6 Nxc6 7.d4 cxd4 8.Nxd4 Qc7
9.Re1 Bd6 10.Nxc6 dxc6 11.Qg4 O-O 12.f4 f5 13.Qh4 b5 14.e5 Be7 15.Qf2 Bb7
16.Be3 c5 17.Rad1 Rad8 18.h3 Qc6 19.Rxd8 Rxd8 20.Rd1 Rxd1+ 21.Nxd1 Bh4 22.Qe2 h6
23.Kh2 b4 24.Bd2 a5 25.Ne3 g5 26.Nc4 Qd5 27.Nxa5 Ba8 28.Nc4 gxf4 29.Bxf4 Qc6
30.Bxh6 Kh7 31.Bf4 Kg6 32.Nd2 Bb7 33.Nf3 Be7 34.Qf2 Qe4 35.Qg3+ Kf7 36.Bg5 Qxc2
37.Bxe7 Bxf3 38.Bf6 Qxg2+ 39.Qxg2 Bxg2 40.Kxg2 c4 41.Bg5  1-0

[Event "9th Open"]
[Site "La Fere FRA"]
[Date "2010.07.10"]
[Round "9"]
[White "Pisk,P"]
[Black "Billon,O"]
[Result "1-0"]
[WhiteElo "2337"]
[BlackElo "2129"]

1.e4 c5 2.Nf3 Nc6 3.Bb5 d6 4.O-O Bd7 5.c3 Nf6 6.Re1 a6 7.Ba4 b5 8.Bc2 Bg4
9.d3 Bxf3 10.Qxf3 g6 11.Qd1 Qb6 12.a4 b4 13.a5 Nxa5 14.cxb4 Nc6 15.bxc5 dxc5
16.Nc3 Nd7 17.Nd5 Qd8 18.Bf4 Rc8 19.Rxa6 Bg7 20.Ba4 Ncb8 21.Bxb8 Rxb8 22.Ra7  1-0

[Event "Int ch-SVK OpenA"]
[Site "Banska Stiavnica SVK"]
[Date "2010.07.11"]
[Round "2"]
[White "Mrva,V"]
[Black "Karasik,E"]
[Result "1/2-1/2"]
[WhiteElo "2112"]
[BlackElo "2260"]

1.e4 c5 2.Nf3 Nc6 3.Bb5 e6 4.O-O Nge7 5.Re1 Nd4 6.Nxd4 cxd4 7.d3 a6 8.Ba4 Nc6
9.a3 Be7 10.Nd2 b5 11.Bb3 O-O 12.f4 Bb7 13.Nf3 Kh8 14.Kh1 f5 15.e5 Qe8 16.Qe2 Qg6
17.Qf2 Rac8 18.Bd2 Bc5 19.Re2 Ba7 20.Rf1 a5 21.Be1 Qg4 22.Qh4 a4 23.Ba2 Bc5
24.h3 Qxh4 25.Bxh4 b4 26.axb4 Nxb4 27.Bc4 Nd5 28.Bxd5 Bxd5 29.Ra1 Ra8 30.Bf2 Bxf3
31.gxf3 Rfc8 32.Ra2 Kg8 33.Kg2 Ra7 34.Kf1 Rc6 35.Ke1 Kf7 36.Kd1 h6 37.Be1 Rb6
38.Rg2 Rb5 39.Bd2 Rab7 40.Rxa4 Rxb2 41.Rc4 R7b5 42.Ke2 Bb6 43.Bc1 Ra2 44.Bd2 Rbb2
45.Kd1 Rb1+ 46.Ke2 Rb5 47.Bb4 Ra4 48.Be1 Rxc4 49.dxc4 Rb2 50.Kd3 Ra2 51.Bb4 Ra4
52.Bd6 Ra1 53.c5 Ra3+ 54.Kxd4 Bd8 55.c3 Ra4+ 56.c4 g5 57.fxg5 Bxg5 58.c6 dxc6
59.Rb2 Ra7  1/2-1/2

[Event "ZDMI Open"]
[Site "Dresden GER"]
[Date "2010.07.11"]
[Round "2"]
[White "Kuehnast,V"]
[Black "Schloetzer,W"]
[Result "0-1"]
[WhiteElo "1894"]
[BlackElo "2282"]

1.e4 c5 2.Nf3 Nc6 3.Bb5 g6 4.O-O Bg7 5.Re1 Nf6 6.e5 Nd5 7.Nc3 Nc7 8.Bxc6 dxc6
9.h3 O-O 10.d3 b6 11.d4 cxd4 12.Nxd4 c5 13.Nf3 Bb7 14.Qe2 Ne6 15.Rd1 Qc7
16.Nd5 Bxd5 17.Rxd5 Rad8 18.c4 Rxd5 19.cxd5 Nd4 20.Nxd4 cxd4 21.Bf4 d3 22.Qxd3 Bxe5
23.Rc1 Qb8 24.Bxe5 Qxe5 25.Qd2 Rd8 26.Re1 Qd6 27.Qe2 Rd7 28.Qc4 Qc5 29.Qe4 a5
30.b3 Qd6 31.Qe3 b5 32.Qd3 b4 33.Qb5 Qxd5 34.Re5 Qd1+ 35.Kh2 Qd4 36.Re2 Qf4+
37.g3 Qf5 38.Qxf5 gxf5 39.Re5 Rd2 40.Rxf5 Rxa2 41.Kg2 f6 42.Rb5 Ra3 43.h4 Kf7
44.Kh3 Ra2 45.Kg2 Ke6 46.Kf3 Kd6 47.Ke4 Rxf2 48.Rxa5 Rb2 49.Rd5+ Kc6 50.Rd3 h5
51.Rf3 Rc2 52.Rd3 Rc5 53.Rd4 f5+ 54.Kd3 Rc3+ 55.Kd2 Rxb3 56.Kc2 Rc3+ 57.Kd2 Kc5
58.Rd7 e6 59.Re7 Kd6 60.Rh7 Rxg3 61.Rxh5 Rg2+ 62.Kc1 b3 63.Rh7 Rh2 64.h5 b2+
65.Kb1 Ke5 66.Rh6 f4 67.Rh8 Ke4 68.h6 e5 69.h7 f3 70.Ka2 Ke3 71.Re8 e4 72.h8=Q Rxh8
73.Rxh8 f2  0-1

[Event "ch-TUR w"]
[Site "Konya TUR"]
[Date "2010.07.11"]
[Round "3"]
[White "Sop,S"]
[Black "Tandogan,Buket"]
[Result "1-0"]
[WhiteElo "1988"]
[BlackElo "1545"]

1.e4 c5 2.Nf3 Nc6 3.Bb5 e6 4.O-O Nf6 5.Re1 Qc7 6.c3 Be7 7.d4 cxd4 8.cxd4 a6
9.Bf1 b5 10.d5 Ne5 11.Nxe5 Qxe5 12.Nd2 Qc7 13.Nf3 d6 14.dxe6 Bxe6 15.Bg5 O-O
16.Nd4 Qd7 17.Nxe6 Qxe6 18.Bd3 Rfd8 19.b3 Rab8 20.Rc1 Qd7 21.h3 a5 22.Bc2 Qb7
23.Qd3 g6 24.Qd4 Nh5 25.Bxe7 Qxe7 26.Qd2 Qb7 27.Rcd1 Qb6 28.Qd4 Qc7 29.Rd2 Ng7
30.Bd1 Ne6 31.Qe3 Nc5 32.Bf3 b4 33.Red1 Ne6 34.Be2 Qc6 35.Bc4 Rd7 36.e5 Rbd8
37.Bxe6 fxe6 38.exd6 Rxd6 39.Rxd6 Rxd6 40.Rc1 Qd7 41.Kh2 Rd2 42.Qf4 Qd6 43.Qxd6 Rxd6
44.Rc5 Rd5 45.Rxd5 exd5 46.Kg3 Kf7 47.f4 Ke6 48.Kf3 h6 49.g4 h5 50.Ke3 Ke7
51.Kd3 Ke6 52.Kd4 Kd6 53.f5 hxg4 54.hxg4 g5 55.f6 Ke6 56.f7 Kxf7 57.Kxd5 Kf6
58.Kd6 Kf7 59.Ke5 Kg6 60.Ke6 Kg7 61.Kf5 Kh6 62.Kf6 Kh7 63.Kxg5 Kg7 64.Kf5 Kf7
65.Ke5 Kg6 66.Kd5 Kg5 67.Kc5 Kxg4 68.Kb5 Kf5 69.Kxa5 Ke6 70.Kxb4 Kd7 71.Kb5 Kc7
72.Kc5  1-0

[Event "Sparkassen Open"]
[Site "Nettetal GER"]
[Date "2010.07.11"]
[Round "9"]
[White "Bakhmatov,E"]
[Black "Guennigmann,M"]
[Result "1-0"]
[WhiteElo "2339"]
[BlackElo "2234"]

1.e4 c5 2.Nf3 Nc6 3.Bb5 g6 4.c3 Nf6 5.e5 Nd5 6.O-O Bg7 7.d4 cxd4 8.cxd4 O-O
9.Nc3 Nc7 10.Ba4 d6 11.Bxc6 bxc6 12.Qa4 Rb8 13.Re1 Nb5 14.h3 Qc7 15.Bf4 Nxc3
16.bxc3 Bf5 17.exd6 exd6 18.Qa3 Rbd8 19.Re3 h6 20.Rae1 Be6 21.Nd2 c5 22.Qa4 cxd4
23.cxd4 Qb6 24.Rd3 Rc8 25.d5 Bf5 26.Ra3 Bd4 27.Be3 Bxe3 28.Raxe3 Rc2 29.Nf3 Qb2
30.Qh4 Qg7 31.g4 Bc8 32.Qe7 Rxa2 33.Qxd6 Kh7 34.Re8 Rxe8 35.Rxe8 Qb2 36.Qc5 Ba6
37.Re7 Qf6 38.Ne5 Ra1+ 39.Kg2 Bf1+ 40.Kg3 Kg8 41.Qc8+ Kg7 42.Rxf7+ Qxf7 43.Nxf7 Kxf7
44.Qe6+  1-0

[Event "ch-Paris Int"]
[Site "Paris FRA"]
[Date "2010.07.11"]
[Round "9"]
[White "Al Modiahki,M"]
[Black "Sochacki,C"]
[Result "1-0"]
[WhiteElo "2566"]
[BlackElo "2365"]

1.e4 c5 2.Nf3 Nc6 3.Bb5 g6 4.Bxc6 dxc6 5.h3 Bg7 6.d3 Nf6 7.Nc3 O-O 8.Be3 Nd7
9.Qd2 e5 10.Bh6 Qe7 11.Bxg7 Kxg7 12.O-O-O b5 13.g4 a5 14.Ne2 b4 15.Kb1 Nb6
16.Qe3 a4 17.Nd2 Be6 18.f4 exf4 19.Nxf4 Ra6 20.Rhf1 Rfa8 21.Nxe6+ fxe6 22.Nf3 b3
23.Ng5 bxa2+ 24.Kxa2 Qd6 25.Qxc5  1-0

[Event "7th South Wales Int"]
[Site "Treforest WLS"]
[Date "2010.07.11"]
[Round "2"]
[White "Kett,T"]
[Black "Wells,P"]
[Result "1/2-1/2"]
[WhiteElo "2222"]
[BlackElo "2488"]

1.e4 c5 2.Nf3 Nc6 3.Bb5 g6 4.Bxc6 dxc6 5.O-O Bg7 6.d3 Nf6 7.Nbd2 O-O 8.a4 h6
9.Nc4 Be6 10.Qe2 Qc7 11.g3 Qc8 12.Nh4 g5 13.Ng2 Bxc4 14.dxc4 Qe6 15.Re1 Rad8
16.c3 Nd7  1/2-1/2

[Event "ch-TUR w"]
[Site "Konya TUR"]
[Date "2010.07.12"]
[Round "5"]
[White "Sop,S"]
[Black "Cemhan,K"]
[Result "1-0"]
[WhiteElo "1988"]
[BlackElo "1777"]

1.e4 c5 2.Nf3 Nc6 3.Bb5 e6 4.O-O Nge7 5.Re1 a6 6.Bxc6 Nxc6 7.d4 cxd4 8.Nxd4 Be7
9.Nxc6 bxc6 10.Qg4 g6 11.Bh6 Qa5 12.Nd2 Qh5 13.Qxh5 gxh5 14.e5 Rg8 15.Ne4 Bb7
16.Bd2 O-O-O 17.Ba5 Rdf8 18.Rad1 Rg6 19.Bb6 Rfg8 20.g3 h4 21.Bc5 Bxc5 22.Nxc5 Rd8
23.Re3 Kc7 24.Rb3 Bc8 25.Ne4 hxg3 26.hxg3 h5 27.Kg2 h4 28.Rd4 hxg3 29.Rxg3 Rdg8
30.a4 a5 31.Nd6 Rxg3+ 32.fxg3 Rf8 33.Rf4 f5 34.Nc4 Ba6 35.Nxa5 Rb8 36.b4 d6
37.exd6+ Kxd6 38.c3 Kc7 39.Nb3 Rd8 40.Nc5 Bc8 41.Rf2 e5 42.Re2 e4 43.Kf2 Rg8
44.Re1 Kd6 45.Rd1+ Ke5 46.Rh1 e3+ 47.Kf3 Be6 48.Nxe6 Kxe6 49.Re1 Kd5 50.Rxe3 Ra8
51.a5 c5 52.bxc5 Rxa5 53.Kf4  1-0

[Event "Int ch-SVK OpenA"]
[Site "Banska Stiavnica SVK"]
[Date "2010.07.13"]
[Round "4"]
[White "Repkova,E"]
[Black "Michalicka,M"]
[Result "1-0"]
[WhiteElo "2434"]
[BlackElo "2196"]

1.e4 c5 2.Nf3 Nc6 3.Bb5 g6 4.O-O Bg7 5.Re1 Nf6 6.c3 O-O 7.d4 Qb6 8.Na3 d6
9.Qa4 a6 10.dxc5 Qxc5 11.Bxc6 Qxc6 12.Qxc6 bxc6 13.e5 Nd5 14.exd6 exd6 15.Nc4 Bg4
16.Nxd6 Rfd8 17.Nc4 Bxf3 18.gxf3 a5 19.a4 Rdb8 20.Be3 Nxc3 21.bxc3 Bxc3 22.Nb6 Ra6
23.Nd7 Rd8 24.Nc5 Raa8 25.Rac1 Bxe1 26.Rxe1 Rd5 27.Rc1 f5 28.Nb3 Rb8 29.Nd4 Rc8
30.Nxc6 Kg7 31.Kg2 h6 32.f4 Kh7 33.h4 Rd6 34.Nxa5 Rxc1 35.Bxc1 Rd4 36.h5 gxh5
37.Be3 Rxa4 38.Nc6 Kg6 39.Kg3 Ra6 40.Ne5+ Kh7 41.Bd4 Ra4 42.Nf3 Ra8 43.Nh4 Rf8
44.Kf3 Rf7 45.Ke3 Kg8 46.Kd3 Kh7 47.Kc4 Rd7 48.Kd3 Rf7 49.Be5 Rd7+ 50.Ke3 Rf7
51.f3 Rf8 52.Kd4 Rd8+ 53.Kc4 Rd1 54.Nxf5 Rh1 55.Ne7 Rf1 56.f5 Rxf3 57.f6 h4
58.Kd5 Ra3 59.f7 Ra8 60.Ke6 Rf8 61.Kf6 Ra8 62.Ng6 Ra6+ 63.Kf5  1-0

[Event "2nd Artemis Cup"]
[Site "Leros GRE"]
[Date "2010.07.13"]
[Round "1"]
[White "Brkic,A"]
[Black "Hauge,Lars Oskar"]
[Result "1-0"]
[WhiteElo "2568"]
[BlackElo "1916"]

1.e4 c5 2.Nf3 Nc6 3.Bb5 g6 4.Bxc6 dxc6 5.d3 Bg7 6.h3 e5 7.a4 Qe7 8.Nbd2 Nf6
9.Nc4 Nd7 10.a5 O-O 11.O-O Re8 12.Bd2 Nf8 13.Qb1 f6 14.b4 Ne6 15.bxc5 Nxc5
16.Bb4 Bf8 17.Nfd2 Qc7 18.Qb2 Ne6 19.Bxf8 Rxf8 20.Rfb1 Nf4 21.Ne3 Rb8 22.h4 Qg7
23.Nf3 Rd8 24.Qa3 Qf8 25.Rb4 Be6 26.Qb2 Qe7 27.Rb1 Rd7 28.g3 Nh5 29.d4 c5
30.dxc5 Qxc5 31.Rb5 Qc6 32.Qb4 Ng7 33.Rc5 Qd6 34.Kg2 Ne8 35.Rd1 Qe7 36.Rxd7 Qxd7
37.Nd5 b6 38.Rc7  1-0

[Event "7th South Wales Int"]
[Site "Treforest WLS"]
[Date "2010.07.13"]
[Round "5"]
[White "Goodger,M"]
[Black "Davis,Le"]
[Result "1/2-1/2"]
[WhiteElo "2123"]
[BlackElo "1955"]

1.e4 c5 2.Nf3 Nc6 3.Bb5 e6 4.O-O Nge7 5.c3 a6 6.Ba4 b5 7.Bc2 Bb7 8.Qe2 d5
9.e5 Qb6 10.a4 Ng6 11.d4 b4 12.dxc5 Bxc5 13.cxb4 Qxb4 14.Ra3 Qg4 15.h3 Nf4
16.Bxf4 Qxf4 17.Rb3 Na5 18.Rc3 Bb4 19.Rc7 O-O 20.Qd3 g6 21.Nc3 Rfc8 22.Ne2 Qh6
23.Rxc8+ Rxc8 24.Ned4 Nc4 25.Qb3 a5 26.Bd3 Qf4 27.g3 Qh6 28.h4 Ba6 29.Rd1 Qf8
30.h5 Bc5 31.Nb5 Qe8 32.Kg2 Bf8 33.Re1 Bg7 34.Nd6 Nxd6 35.Bxa6 Rb8 36.Qc2 Ne4
37.Bb5 Qd8 38.Rc1 Qb6 39.Qe2 Qb7 40.Rc6 Rc8 41.Rxc8+ Qxc8 42.hxg6 hxg6 43.Nd2 Nxd2
44.Qxd2 Bxe5 45.Qxa5 Bxb2 46.Qa7  1/2-1/2

[Event "Aegean Open"]
[Site "Agios Kirykos GRE"]
[Date "2010.07.14"]
[Round "2"]
[White "Manelidou,M"]
[Black "Parginos,V"]
[Result "0-1"]
[WhiteElo "2024"]
[BlackElo "2227"]

1.e4 c5 2.Nf3 Nc6 3.Bb5 e6 4.Bxc6 bxc6 5.O-O Ne7 6.d3 d5 7.Ng5 h6 8.Nh3 Ng6
9.f4 Bd6 10.Qg4 Qh4 11.Qf3 Bd7 12.Be3 f5 13.Bf2 Qg4 14.Bg3 Qxf3 15.Rxf3 c4
16.exf5 exf5 17.dxc4 dxc4 18.Nd2 Be6 19.Bf2 Kf7 20.Bd4 Bd5 21.Rff1 Rhe8 22.b3 Re2
23.Rf2 Rxf2 24.Bxf2 c3 25.Nf1 Bxf4 26.g3 Bc7 27.Rd1 Ne5 28.Nf4 Be4 29.Ne3 Nf3+
30.Kg2 Nd2+ 31.Kg1 Rd8  0-1

[Event "I Open"]
[Site "Girona ESP"]
[Date "2010.07.14"]
[Round "2"]
[White "Parramon Ros,F"]
[Black "Genover Rodriguez,Ignasi"]
[Result "1-0"]
[WhiteElo "2066"]
[BlackElo "1758"]

1.e4 c5 2.Nf3 Nc6 3.Bb5 d6 4.h3 Nf6 5.Qe2 e5 6.O-O Be7 7.d3 O-O 8.Bxc6 bxc6
9.c4 h6 10.Nc3 Nh7 11.Nh2 f5 12.f4 fxe4 13.Nxe4 exf4 14.Bxf4 Bf5 15.Rae1 d5
16.Ng3  1-0

[Event "Open A"]
[Site "Oberwart AUT"]
[Date "2010.07.14"]
[Round "2"]
[White "Schwab,R"]
[Black "Bedin,A"]
[Result "1-0"]
[WhiteElo "2207"]
[BlackElo "1880"]

1.e4 c5 2.Nf3 Nc6 3.Bb5 g6 4.O-O Bg7 5.Re1 a6 6.Bf1 d6 7.h3 Nf6 8.c3 e5 9.d4 O-O
10.dxc5 dxc5 11.Qc2 b6 12.Bg5 Qc7 13.Qc1 Re8 14.Nbd2 Bb7 15.a4 Rac8 16.Nc4 b5
17.axb5 axb5 18.Bxf6 Bxf6 19.Ne3 Na5 20.Ng4 Bg7 21.Bxb5 Nb3 22.Qg5 Nxa1 23.Bxe8 Rxe8
24.Rxa1 Bxe4 25.Nd2 Bb7 26.Nf6+ Bxf6 27.Qxf6 Re6 28.Qh4 Qc6 29.Nf3 f6 30.Qc4 Kg7
31.Ra5 e4 32.Rxc5 exf3 33.Rxc6 Re1+ 34.Kh2 Re4 35.Kg1 Re1+ 36.Kh2 Re5  1-0

[Event "Corporation Centre Cup"]
[Site "Izhevsk RUS"]
[Date "2010.07.15"]
[Round "1"]
[White "Galimzianova,A"]
[Black "Terentjev,V"]
[Result "0-1"]
[WhiteElo "1919"]
[BlackElo "2299"]

1.e4 c5 2.Nf3 Nc6 3.Bb5 g6 4.O-O Bg7 5.Re1 e5 6.Bxc6 dxc6 7.d3 Qe7 8.a3 Nf6
9.b4 cxb4 10.axb4 Bg4 11.Ba3 O-O 12.Nbd2 Rfd8 13.Nc4 Nh5 14.Ne3 Bxf3 15.Qxf3 Nf4
16.b5 Qd7 17.bxc6 Qxc6 18.Reb1 Rd7 19.Rb2 Rc8 20.Rab1 b6 21.Nc4 f5 22.Nd2 Ne6
23.exf5 Qxf3 24.Nxf3 gxf5 25.Rb5 e4 26.Ne5 Rdd8 27.Nc4 Nd4 28.R5b4 Nxc2 29.R4b3 exd3
30.Ne3 f4 31.Nf5 Nxa3 32.Rxa3 d2  0-1

[Event "Corporation Centre Cup"]
[Site "Izhevsk RUS"]
[Date "2010.07.15"]
[Round "1"]
[White "Khakimov,T"]
[Black "Nasybullina,Alfia"]
[Result "1-0"]
[WhiteElo "2290"]
[BlackElo "1916"]

1.e4 c5 2.Nf3 Nc6 3.Bb5 g6 4.O-O Bg7 5.Re1 Nf6 6.c3 O-O 7.d4 cxd4 8.cxd4 d5
9.e5 Ne4 10.Nc3 Nxc3 11.bxc3 Bg4 12.h3 Bxf3 13.Qxf3 Rc8 14.Bg5 Na5 15.e6 fxe6
16.Qg4 e5 17.Qe6+ Rf7 18.dxe5 a6 19.Re3 Rc7 20.Rf3 Qf8 21.Bd7 Nc4 22.Qxd5 Nb6
23.Qxf7+ Qxf7 24.Rxf7 Kxf7 25.e6+ Kf8 26.Rd1 Bxc3 27.Bf4 Rc4 28.Be3 Ba5 29.Bh6+ Kg8
30.Bc6 Nc8 31.Bxb7 Nd6 32.Rxd6 exd6 33.e7  1-0

[Event "5th Nana Aleksandria Cup"]
[Site "Poti GEO"]
[Date "2010.07.15"]
[Round "5"]
[White "Madoyan,Iolanta"]
[Black "Tedoshvili,D"]
[Result "0-1"]
[WhiteElo "1748"]
[BlackElo "1808"]

1.e4 c5 2.Nf3 Nc6 3.Bb5 a6 4.Bxc6 bxc6 5.d4 cxd4 6.Qxd4 e6 7.c4 d6 8.Nc3 Bb7
9.O-O Ne7 10.b3 d5 11.c5 f6 12.Qa4 Ng6 13.exd5 exd5 14.Re1+ Be7 15.Nd4 Qd7
16.Ne6 Kf7 17.f4 Rhe8 18.Bd2 Nf8 19.f5 Bd8 20.Nxf8 Rxf8 21.Qg4 Bc7 22.Qh5+ Kg8
23.Ne2 Bc8 24.Rf1 Qe7 25.b4 a5 26.Rae1 axb4 27.Rf3 Rxa2 28.Rh3 g6 29.fxg6 Bxh3
30.Nf4 Qg7 31.Qxh3 Bxf4 32.Bxf4 Qxg6 33.Qe6+ Kh8  0-1

[Event "I Open"]
[Site "Girona ESP"]
[Date "2010.07.16"]
[Round "4"]
[White "Gallegos Saliner,J"]
[Black "Genover Rodriguez,Ignasi"]
[Result "0-1"]
[WhiteElo "1560"]
[BlackElo "1758"]

1.e4 c5 2.Nf3 Nc6 3.Bb5 d6 4.O-O g6 5.c3 Bg7 6.Re1 e6 7.d4 cxd4 8.cxd4 a6
9.Ba4 Ne7 10.Nc3 d5 11.e5 O-O 12.Bg5 h6 13.Bf4  0-1

[Event "2nd Open"]
[Site "Rethymno GRE"]
[Date "2010.07.16"]
[Round "5"]
[White "Markidis,K"]
[Black "Vorobiov,E"]
[Result "1/2-1/2"]
[WhiteElo "2342"]
[BlackElo "2592"]

1.e4 c5 2.Nf3 Nc6 3.Bb5 e6 4.O-O Nge7 5.c3 a6 6.Ba4 b5 7.Bc2 Bb7 8.Re1 Rc8
9.a4 b4 10.d3 Ng6 11.Nbd2 Be7 12.Nb3 O-O 13.Be3 bxc3 14.Nxc5 cxb2 15.Rb1 Ba8
16.Rxb2 Nce5 17.Nxe5 Nxe5 18.Nxa6 d5 19.Bd4 Bf6 20.Bxe5 Bxe5 21.d4 Bf6 22.e5 Be7
23.Qd2 Bc6 24.a5 Ra8 25.Rb6 Bb5 26.Nc5 Bxc5 27.dxc5 Bc4 28.Ba4 Qe7 29.Qb4 g6
30.Bb5 Bxb5 31.Qxb5 Rfc8 32.c6 Qa3 33.a6 Qc3 34.Kf1 Kg7 35.g3 Rc7 36.Re3 Qc1+
37.Kg2 Rac8 38.Qa4 Rxc6 39.Rxc6 Qxc6 40.Qxc6 Rxc6 41.Ra3 Rc8 42.a7 Ra8 43.Kf3 Kf8
44.Ke3 Ke7 45.Kd4 Kd7 46.Rf3 Ke7 47.Ra3 Kd7 48.Rf3 Ke7 49.Ra3  1/2-1/2

[Event "Corporation Centre Cup"]
[Site "Izhevsk RUS"]
[Date "2010.07.18"]
[Round "4"]
[White "Sadykov,Ra"]
[Black "Savina,A"]
[Result "0-1"]
[WhiteElo "2255"]
[BlackElo "2392"]

1.e4 c5 2.Nf3 Nc6 3.Bb5 d6 4.O-O Bd7 5.Re1 Nf6 6.c3 a6 7.Bf1 Bg4 8.h3 Bh5
9.d4 Bxf3 10.gxf3 cxd4 11.cxd4 d5 12.Nc3 e6 13.Bg5 Be7 14.Bxf6 Bxf6 15.exd5 Nxd4
16.Re4 Qb6 17.dxe6 Nxe6 18.Nd5 Qd8 19.Qa4+ b5 20.Nxf6+ gxf6 21.Qb4 f5 22.Ree1 Rg8+
23.Kh1 Qd5 24.Qc3 Rd8 25.Re5 Qd2 26.Qxd2 Rxd2 27.Re2 Rd4 28.a4 bxa4 29.Rc2 Ke7
30.Bxa6 Rb8 31.Bc4 Rh4 32.Bf1 Kf6 33.Kh2 Nd4 34.Rc4 Nxf3+ 35.Kg3 Rxc4 36.Bxc4 Ng5
37.Rxa4 Rxb2 38.Bd5 Rd2 39.Bg2 Ne6 40.Bc6 f4+ 41.Kg2 Kg5 42.Ra7 Nd4 43.Ba8 Kg6
44.Ra6+ Ne6 45.Be4+ Kg7 46.Ra5 h6 47.Bf5 Nf8 48.Be4 Ng6 49.Kf3 Rd4 50.Ba8 Rb4
51.Bd5 h5 52.Ra7 Ne5+ 53.Kg2 Kg6 54.Ra3 f6 55.Ra8 Rd4 56.Bb7 Kg5 57.Ra6 Rd3
58.Ra5 Rb3 59.Ba8 Rb2 60.Ra3 Rb5 61.Be4 Rc5 62.Rb3 Ra5 63.Rc3 f5 64.Bb7 Rb5
65.Ba8 Rb2 66.Bd5 Rd2 67.Ba8 Nd3 68.Kf1 Rxf2+ 69.Kg1 Rd2 70.Bg2 Kh4 71.Bf1 Ne5
72.Bg2 Re2 73.Rb3 Re3 74.Rb8 f3 75.Bf1 Kg3 76.Rg8+ Kf4 77.Rh8 Kg3 78.Rg8+ Ng4
79.hxg4 fxg4 80.Ra8 h4 81.Ra2 Rc3 82.Rh2 Ra3 83.Rb2 Ra4 84.Rc2 h3 85.Rb2 Ra1
86.Rg2+ Kf4 87.Rb2 g3 88.Rb4+ Ke5 89.Rb5+ Kd6  0-1

[Event "XIV Battle Of Senta"]
[Site "Senta SRB"]
[Date "2010.07.18"]
[Round "2"]
[White "Savic,Draga"]
[Black "Gajic,Z1"]
[Result "1-0"]
[WhiteElo "2182"]
[BlackElo "2270"]

1.e4 c5 2.Nf3 Nc6 3.Bb5 Nd4 4.Nxd4 cxd4 5.O-O a6 6.Ba4 b5 7.Bb3 Bb7 8.d3 d5
9.a4 e6 10.axb5 axb5 11.Rxa8 Qxa8 12.e5 Qb8 13.f4 f5 14.exf6 Nxf6 15.Qe2 Kf7
16.Nd2 Bd6 17.Nf3 Re8 18.Kh1 Kg8 19.Nxd4 e5 20.Nxb5 exf4 21.Qf3 g5 22.Nxd6 Qxd6
23.Bd2 Kg7 24.Bc3 Re3 25.Bxf6+ Qxf6 26.Qxe3 fxe3 27.Rxf6 Kxf6 28.Kg1 Ke5
29.g3 d4 30.Kf1 Bf3 31.h3 h5 32.c3 h4 33.gxh4 gxh4 34.Ba4 Bh5 35.Bc6 Bg6
36.Ke2 Bf5 37.Bg2 Bg6 38.Bf1 Bh5+ 39.Ke1 Bg6 40.Kd1 Bf5 41.Kc2 Bd7 42.b3 Be6
43.c4 Kf5 44.Kd1 Kg5 45.Ke2 Bf7 46.b4 Bh5+ 47.Ke1 Kf5 48.b5 Bf3 49.c5 Ke5
50.b6 Ke6 51.Be2 Bg2 52.Bg4+ Ke7 53.Ke2 Kd8 54.Bf5 Bd5 55.Ke1 Bc6 56.Be4 Be8
57.Bg2 Bd7 58.c6 Bc8 59.c7+ Kd7 60.Be4 Ba6 61.Bf5+ Kc6 62.c8=Q+ Bxc8 63.Bxc8 Kxb6
64.Bg4 Kc5 65.Kd1 Kb4 66.Kc2 Ka3 67.Bf3 Kb4 68.Kb2 Ka4 69.Be2 Kb4 70.Bd1 Kc5
71.Kb3 Kb5 72.Bf3 Kc5 73.Ka4 Kd6 74.Kb4 Ke5 75.Kc4 Kf4 76.Bg4 Kg3 77.Kxd4 e2
78.Bxe2 Kxh3 79.Ke4 Kg3 80.d4  1-0

[Event "Maria Albulet Mem"]
[Site "Braila ROU"]
[Date "2010.07.19"]
[Round "6"]
[White "Makropoulou,M"]
[Black "Partac,E"]
[Result "1/2-1/2"]
[WhiteElo "2245"]
[BlackElo "2149"]

1.e4 c5 2.Nf3 Nc6 3.Bb5 g6 4.c3 Nf6 5.Qe2 Bg7 6.O-O O-O 7.d4 cxd4 8.cxd4 d5
9.e5 Ne4 10.Nc3 Nxc3 11.bxc3 a6 12.Bd3 b5 13.h3 Na5 14.Ba3 Nc4 15.Bc5 Re8
16.Rfe1 Qc7 17.Rab1 Bh6 18.Qc2 Be6 19.Re2 Qd7 20.Nh2 Rec8 21.Rf1 Bf4 22.Bxc4 bxc4
23.g4 Rab8 24.Rb1 h5 25.f3 h4 26.Kg2 Rb7 27.Rxb7 Qxb7 28.Qb2 Rb8 29.Qxb7 Rxb7
30.Ba3 Kf8 31.Rb2 Rxb2+ 32.Bxb2 f6 33.exf6 exf6 34.Nf1 Bd7 35.Kf2 Ba4  1/2-1/2

[Event "Corporation Centre Cup"]
[Site "Izhevsk RUS"]
[Date "2010.07.19"]
[Round "5"]
[White "Khismatullin,D"]
[Black "Somkin,E"]
[Result "1-0"]
[WhiteElo "2667"]
[BlackElo "2387"]

1.e4 c5 2.Nf3 Nc6 3.Bb5 e6 4.O-O Nge7 5.c3 a6 6.Ba4 b5 7.Bc2 d5 8.e5 d4 9.Be4 d3
10.a4 b4 11.Ne1 Bb7 12.Nxd3 Ng6 13.Re1 Qc7 14.b3 O-O-O 15.cxb4 cxb4 16.Ra2 Kb8
17.Rc2 Qb6 18.Bb2 Na5 19.Bxb7 Qxb7 20.Nc1 Nf4 21.Qg4 g5 22.Re3 h5 23.Qf3 Nd5
24.Re1 g4 25.Qe4 h4 26.d3 Bh6 27.Nd2 Bxd2 28.Rxd2 Rhg8 29.Rc2 Rc8 30.Ree2 h3
31.g3 Rc7 32.Rxc7 Qxc7 33.f3 gxf3 34.Qxf3 Nc3 35.Rf2 Qxe5 36.Qxf7 Qe1+ 37.Rf1 Rxg3+
38.Kh1 Re3 39.Kg1 Rg3+ 40.Kh1 Re3 41.Na2 Nc6 42.Nxb4 Nxb4 43.Qf8+ Ka7 44.Bxc3 Qxc3
45.Rf7+ Kb6 46.Qd8+ Kc5 47.Rc7+ Nc6 48.Qe7+ Kd5 49.Rd7+  1-0

[Event "Open A"]
[Site "Oberwart AUT"]
[Date "2010.07.20"]
[Round "8"]
[White "Komarek,L"]
[Black "Wiedermann,D"]
[Result "0-1"]
[WhiteElo "1946"]
[BlackElo "2198"]

1.e4 c5 2.Nf3 Nc6 3.Bb5 e6 4.O-O Nge7 5.d4 a6 6.Bxc6 Nxc6 7.d5 Ne7 8.c4 d6
9.Bg5 h6 10.Bh4 g5 11.Bg3 Bg7 12.Nc3 f5 13.exf5 exf5 14.h3 O-O 15.Re1 f4
16.Bh2 Bf5 17.Kh1 Qd7 18.Ng1 Ng6 19.Rc1 Ne5 20.Ne4 b5 21.b3 Rfe8 22.f3 bxc4
23.bxc4 Rab8 24.Re2 Rb4 25.h4 Nf7 26.hxg5 hxg5 27.g3 g4 28.Nf2 Rxe2 29.Nxe2 Rb2
30.Nd3 Bxd3 31.Qxd3 Ne5 32.Qe4 gxf3 33.Nxf4 Ng4 34.Bg1 Rh2+  0-1